00519nam a2200205 a 4500001001300000003000900013005001700022008004100039020001200080082001300092100001600105245002700121260004800148300000900196500003500205505001000240650002700250650002000277700001600297nice12345678IN_TiNIC20260116011340.0050524s1961 lona grp 000 0 eng  ac831.600a270bFRE aFrench, R M aEastern Othodox Church aLondonbHutchinson University Libraryc1961 a186p aincludes index and biblioraphy2 aindex aChurch-History Eastern aOrthodox-Church1 aFrench, R M